000 01333nam a2200325Ia 4500
001 ebr10660222
003 CaPaEBR
006 m u
007 cr cn|||||||||
008 080722s2009 nyua sb 001 0 eng d
010 _z 2008032252
020 _z1604569484 (hardcover : alk. paper)
020 _z9781604569483 (hardcover : alk. paper)
020 _z9781607412151 (ebook)
040 _aCaPaEBR
_cCaPaEBR
035 _a(OCoLC)429917358
050 1 4 _aRC553.S34
_bS28 2009eb
082 0 4 _a610.73076
_223
245 0 0 _aSchizoaffective disorders
_h[electronic resource] :
_binternational perspectives on understanding, intervention and rehabilitation /
_cKam-shing Yip, editor.
260 _aNew York :
_bNova Science Publishers,
_cc2009.
300 _axiv, 251 p. :
_bill.
504 _aIncludes bibliographical references and index.
533 _aElectronic reproduction.
_bPalo Alto, Calif. :
_cebrary,
_d2013.
_nAvailable via World Wide Web.
_nAccess may be limited to ebrary affiliated libraries.
650 0 _aSchizoaffective disorders.
650 0 _aAffective disorders.
655 7 _aElectronic books.
_2local
700 1 _aYip, Kam-Shing.
710 2 _aebrary, Inc.
856 4 0 _uhttp://site.ebrary.com/lib/rucke/Doc?id=10660222
_zAn electronic book accessible through the World Wide Web; click to view
999 _c66606
_d66606